00414nam a2200157Ia 4500001000500000005001700005008004100022041000800063082001700071100003500088245008000123260000900203300002800212650000800240654000800248832020260306160600.0260306t2016||||xx |||||||||||||| ||spa|| aESP a370.154bG24 aGarcía Ricondo, BeatrizeAUT 0aCoaching práctico en educación:btransformando sueños en aprendizajes c2016 a334 páginas :c23 cm. aGEN aCED